000 00521nam a2200181 4500
001 144403
003 ES-MaACL
005 20230906201017.0
007 t|
008 070214s1978 sp r ||||1| cat d
100 1 _aSirera, Rodolf.
_9106672
245 1 2 _aL'assassinat del doctor Moraleda
_b: ; El veri del teatre /
_cRodolf Sirera.
250 _a1ยช ed.
260 _aBarcelona :
_bEd. 62,
_c1978 (
_fAlfonso)
300 _a117 p. ;
_c18 cm.
740 0 _aEl veri del teatre.
852 _aES-MaACL
_jA-9363
_bR.98891
999 _c144403
_d144403